Characters and events : Popular essays in social and political philosophy
Many of the earliest books, particularly those dating back to the 1900s and before, are now extremely scarce and increasingly expensive. We are republishing these classic works in affordable, high quality, modern editions, using the original text and artwork.
Guardat en:
| Autor principal: | |
|---|---|
| Format: | Llibre |
| Idioma: | Undetermined |
| Publicat: |
New York
Henry Holt and company
1929
|
| Matèries: | |
| Etiquetes: |
Afegir etiqueta
Sense etiquetes, Sigues el primer a etiquetar aquest registre!
|
| Thư viện lưu trữ: | Trung tâm Học liệu Trường Đại học Cần Thơ |
|---|
| LEADER | 00901nam a2200205Ia 4500 | ||
|---|---|---|---|
| 001 | CTU_218735 | ||
| 008 | 210402s9999 xx 000 0 und d | ||
| 082 | |a 191 | ||
| 082 | |b D519/Vol.2 | ||
| 100 | |a Dewey, John | ||
| 245 | 0 | |a Characters and events : | |
| 245 | 0 | |b Popular essays in social and political philosophy | |
| 245 | 0 | |c John Dewey ; Edited by Joseph Ratner | |
| 260 | |a New York | ||
| 260 | |b Henry Holt and company | ||
| 260 | |c 1929 | ||
| 520 | |a Many of the earliest books, particularly those dating back to the 1900s and before, are now extremely scarce and increasingly expensive. We are republishing these classic works in affordable, high quality, modern editions, using the original text and artwork. | ||
| 650 | |a Social sciences,Political science,Khoa học xã hội,Khoa học chính trị | ||
| 904 | |i Qhieu | ||
| 980 | |a Trung tâm Học liệu Trường Đại học Cần Thơ | ||